000 00539ntaaa2200205 4500
003 01
005 20251027202734.0
008 0714s1973 ag 01
040 _aAR-BaBN
_bspa
_cAR-BaBN
_eaacr
_dRIC
082 _a738.1500 Or8d
100 _aÖrtengren, K
_927400
245 _aDecoración de loza y porcelana
250 _a1 ed.
260 _aBuenos Aires :
_bEditorial Kapelusz,
_cc1971
300 _a71 p
500 _aTrabajos manuales.
650 _amanualidades-ceramica
_927401
700 _aLundgren, A.G.
_927402
942 _cBK
999 _c22642
_d22642